A nous la parole : Partenia, dix ans déjà (notice n° 1548806)

détails MARC
000 -LEADER
fixed length control field 00755cam a2200121 4500500
005 - DATE AND TIME OF LATEST TRANSACTION
control field 20251012042500.0
041 ## - LANGUAGE CODE
Language code of text/sound track or separate title fre
042 ## - AUTHENTICATION CODE
Authentication code dc
245 00 - TITLE STATEMENT
Title A nous la parole : Partenia, dix ans déjà
260 ## - PUBLICATION, DISTRIBUTION, ETC.
Name of publisher, distributor, etc. L'Harmattan,<br/>
Date of publication, distribution, etc. 2005.<br/>
520 ## - SUMMARY, ETC.
Summary, etc. En janvier 1995, nous étions des milliers, à travers toute la France et au-delà, à être scandalisés par les décisions romaines: Jacques Gaillot est viré de son diocèse d’Evreux. Il devient évêque de Partenia, un lieu, un espace inconnu de tous. Un diocèse que Jacques Gaillot crée depuis 10 ans.A l’occasion de cet anniversaire cet ouvrage rassemble des témoignages multiples.
856 41 - ELECTRONIC LOCATION AND ACCESS
Uniform Resource Identifier <a href="https://shs.cairn.info/a-nous-la-parole--9782747590105?lang=fr&redirect-ssocas=7080">https://shs.cairn.info/a-nous-la-parole--9782747590105?lang=fr&redirect-ssocas=7080</a>

Pas d'exemplaire disponible.

PLUDOC

PLUDOC est la plateforme unique et centralisée de gestion des bibliothèques physiques et numériques de Guinée administré par le CEDUST. Elle est la plus grande base de données de ressources documentaires pour les Étudiants, Enseignants chercheurs et Chercheurs de Guinée.

Adresse

627 919 101/664 919 101

25 boulevard du commerce
Kaloum, Conakry, Guinée

Réseaux sociaux

Powered by Netsen Group @ 2025